01050 2200349 4500001002100000005001500021007000300036008004100039020002200080035002000102040001700122041000800139082000800147084001400155090001900169100003100188245012100219250001200340264003400352300002900386336002100415337003000436338002300466500001800489650001400507700004400521700004000565700004500605850001000650990002000660990002000680INLIS00000000000673220260411084448ta260411 0  a978-979-015-246-5 a0010-0622000067 aSBPUPADbind1 aind a813 a813 JOS s a813 JOS s 26-30 aJosepha ShermanePengarang1 aSerpihan Salju dan Hujan Salju /cJosepha Sherman;editor,Kiki Sulistiyani,Rani Nuraeni,Penerjemah,Hertriani Agustine a.-cet.5 a.--Jakarta :bErlangga,c2009 a24 hlm. :bilus. ;c21cm 2rdacontentaTeks 2rdamediaaTanpa Perantara 2rdacarrieravolume aindeks,hlm 24 4aBuku Anak0 aeditor ke-1,Kiki SulistiyaniePengarang0 aeditor ke-2,Rani NuraeniePengarang0 aPenerjemah,Hertriani AgustineePengarang aPUPAD a093/S/KAPD/2011 a093/S/KAPD/2011